| 000 | 00479nam a2200133 a 4500 | ||
|---|---|---|---|
| 008 | 120416s9999 ||||||||||||||||| || u | ||
| 050 | _aTHESIS | ||
| 100 | _aSinyokosa, Trevor | ||
| 245 | 1 | 0 | _aOutgrower schemes and rural development |
| 246 | _aa case of the Zambia Association for High Value Crops (ZAHVAC) | ||
| 260 | _a2001 | ||
| 350 | _a0.00 | ||
| 995 |
_D0.00 _FCBU-MAIN LIBRARY (Kitwe) _H1 _I0.00 _UAVAILABLE _ZUniversity Collection |
||
| 999 |
_c52997 _d52997 |
||